00620cam a2200205 a 450000100100000000500170001000800410002703500190006803500200008704000300010708200220013710000280015924500550018725000120024226000450025430000270029949000270032665100320035383000290038500000922420200929161525.0860828s1971 ck a 001 0 ita d a(DLC) 38018674 a(OCoLC)14159411 aDO-SdBNPbspacOCUdBNPHU a945bG643h, 1971.1 aGonzález, Fernando de13aEl hermafrodita dormido /cFernando de González. a2a. ed. aMedellín, (Colombia) :bBedout,c1971. a222 p :bil. ;c19 cm.1 aBolsilibros Bedoutv94 4aItaliaxDescripción Viaje 0aBolsilibros Bedout ;v94